=LDR 00000nam 2200000 4500 =001 INLIS000000000024969 =005 20200605085046 =035 ##$$a 0010-061300000024969 =008 200605################g##########0#ind## =041 ##$$a ind =082 ##$$a 2x5.4 =090 ##$$a 2x5.4, SAN l =100 ##$$a Sanihiyah, T.M =245 1#$$a Lima puluh sembilan pesan Rasulullah /$c T.M. Sanihiyah =260 ##$$a Bandung :$b Citra Umabara,$c 1997 =300 ##$$a 208 hlm. ; $c 20 x 14 cm. =650 #4$$a Doa-Islam =850 ##$$a NBPNMAT =084 ##$$a 2x5.4 SAN l =990 ##$$a 0506/PRO.97 =990 ##$$a 0001/BPAP-NTB/2015 =990 ##$$a 0001/BPAP-NTB/2015 =990 ##$$a 0506/PRO.97 =990 ##$$a 0506/PRO.97 =990 ##$$a 0001/BPAP-NTB/2015